=LDR 00000nam 2200000 4500 =001 INLIS000000000026224 =005 20130612124658 =008 ***********************************ind** =035 ##$$0010-061300000026224 =041 ##$$a ind =082 ##$$a 658 =090 ##$$a 658, SUT p =100 ##$$a Sutarno, R =245 ##$$a Pengelolaan usaha, Drs. R. Soetarno =260 ##$$a 1990 $b Yogyakarta =300 ##$$a 112 hlm., ilus., 21 cm =650 ##$$a Manajemen Bisnis =850 ##$$a NBPNMAT